000 00407pab a2200157 454500
008 180718b2004 xxu||||| |||| 00| 0 eng d
100 _aBrooks, Arthur C.
245 _aThe effects of public policy on private charity
260 _c2004
300 _ap.166-85.
362 _aMay
650 _aPublic policy
650 _aNonprofit organizations
773 _aAdministration and Society
909 _a60426
999 _c60426
_d60426